यशपाल के कथा साहित्य का समाज सापेक्ष अध्ययन / (Record no. 118780)
[ view plain ]
| 000 -LEADER | |
|---|---|
| fixed length control field | 01288nam a22002657a 4500 |
| 005 - DATE AND TIME OF LATEST TRANSACTION | |
| control field | 20170124103121.0 |
| 010 ## - LIBRARY OF CONGRESS CONTROL NUMBER | |
| LC control number | A-521124 |
| 020 ## - INTERNATIONAL STANDARD BOOK NUMBER | |
| Terms of availability | 80.00 |
| 035 ## - SYSTEM CONTROL NUMBER | |
| System control number | A-521124 |
| 037 ## - SOURCE OF ACQUISITION | |
| Source of stock number/acquisition | Cen Lib/Ret |
| 040 ## - CATALOGING SOURCE | |
| Original cataloging agency | DPL |
| Language of cataloging | HN |
| 082 ## - DEWEY DECIMAL CLASSIFICATION NUMBER | |
| Classification number | 823.08 |
| Item number | अत्रीश |
| 100 ## - MAIN ENTRY--PERSONAL NAME | |
| Personal name | अत्रीश, सुरेन्द्र सिंह |
| 9 (RLIN) | 51681 |
| 245 ## - TITLE STATEMENT | |
| Title | यशपाल के कथा साहित्य का समाज सापेक्ष अध्ययन / |
| Statement of responsibility, etc | सुरेन्द्र सिंह अत्रीश |
| 246 ## - VARYING FORM OF TITLE | |
| Title proper/short title | Yashpal ke katha sahitya ka smaj sakshep adhyayn |
| Remainder of title | by Surendr Singh Atrish |
| 260 ## - PUBLICATION, DISTRIBUTION, ETC. (IMPRINT) | |
| Place of publication, distribution, etc | मुजफ्फरनगर |
| Name of publisher, distributor, etc | कुसुम प्रकाशन |
| Date of publication, distribution, etc | 1986 |
| 270 ## - ADDRESS | |
| Address | नवेंदु सदन आदर्श कॉलोनी |
| City | मुजफ्फरनगर |
| Postal code | 251001 |
| 300 ## - PHYSICAL DESCRIPTION | |
| Extent | 316पृष्ठ. |
| Dimensions | 20सेमी(सजिल्द) |
| 500 ## - GENERAL NOTE | |
| General note | सन्दर्भ ग्रन्थ सूची शामिल |
| 650 ## - SUBJECT ADDED ENTRY--TOPICAL TERM | |
| Topical term or geographic name as entry element | हिंदी साहित्य |
| 9 (RLIN) | 81872 |
| 650 ## - SUBJECT ADDED ENTRY--TOPICAL TERM | |
| Topical term or geographic name as entry element | समाज और साहित्य |
| 9 (RLIN) | 6356 |
| 650 ## - SUBJECT ADDED ENTRY--TOPICAL TERM | |
| Topical term or geographic name as entry element | Hindi literature |
| 9 (RLIN) | 81873 |
| 650 ## - SUBJECT ADDED ENTRY--TOPICAL TERM | |
| Topical term or geographic name as entry element | Society and literature |
| 9 (RLIN) | 81874 |
| 942 ## - ADDED ENTRY ELEMENTS (KOHA) | |
| Source of classification or shelving scheme | Dewey Decimal Classification |
| Koha item type | Hindi Books |
| Classification part | 823.08 |
| Call number suffix | अत्रीश |
| Withdrawn status | Lost status | Damaged status | Not for loan | Home library | Current library | Date acquired | Source of acquisition | Cost, normal purchase price | Total Checkouts | Full call number | Barcode | Date last seen | Copy number | Cost, replacement price | Price effective from | Koha item type |
|---|---|---|---|---|---|---|---|---|---|---|---|---|---|---|---|---|
| Central Library | Central Library | 14/09/2015 | Cen Lib/Ret | 80.00 | 823.08 अत्रीश | A-521124 | 14/09/2015 | 1 | 80.00 | 14/09/2015 | Hindi Books |
